000 00864nam a2200217 a 4500
001 2159
003 BD-RjUL
005 20211208233508.0
008 190509s1965 bg 00000 ben d
035 _a(BD-RjUL)2186
040 _aBD-RjUL
_beng
_cBD-RjUL
041 _aeng
082 0 4 _a297.1226
_bRAK 1965
100 _aরহমান, আবদুর
_9116670
245 _aকোর্-আন ও জীবন-দর্শন /
_cআবদুর রহমান
_nতৃতীয় খণ্ড
260 _aচট্টগ্রাম :
_bরহমান সন্স পাবলিকেসান্স,
_c১৯৬৫
300 _a৪০৬-৭৯৩ পৃ. ;
_c২৪ সেমি.
650 _aকোরান
_vব্যাখ্যা ও আলোচনা
_9116671
650 _aQurʼan
_xCriticism, interpretation, etc.
_9116672
942 _2ddc
_cBK
999 _c2159
_d2159